000 00904cam a22002054a 4500
005 20250605164206.0
008 250528s ||||||||||||||||||||||||d
035 _a19948
020 _a2556968
040 _aGR-AtMCL
_bgre
_dGR-AtMCL
_eAACR2
245 1 _aΣυλλογικός κατάλογος περιοδικών στις Ελληνικές Επιστημονικές Βιβλιοθήκες.
_nΤόμος ΙΙ Πέμπτη Έκδοση
250 _a
260 _bΕθνικό Κέντρο Τεκμηρίωσης,
_c1998
300 _a1518
520 _aΣημείωμα του Εκδότη, Οδηγίες Χρήσης, Κατάλογος Βιβλιοθηκών/ Συντομογραφίας, Αλφαβητικός Κατάλογος Περιοδικών (J-Z &Α-Ω).
700 1 _aΤσιμπόγλου Φίλιππος
_96104
942 _cBK
999 _c5186
_d5186